Pinocchio Franchise - Statistics

General Stats
  • This quiz has been taken 30 times
  • The average score is 18 of 36
Answer Stats
Type Year Name Info % Correct
Film 1940 Pinocchio Disney
100%
TV Play 1957 Pinocchio NBC
100%
Film 1967 Pinocchio VEB Progress Film-Vertrieb
100%
TV Play 1976 Pinocchio CBS
100%
Film 1992 Pinocchio Trimark Pictures
100%
Film 2002 Pinocchio Medusa Distribuzione
100%
TV Mini-Series 2008 Pinocchio Rai 1
100%
Film 2012 Pinocchio Cometa Film
100%
TV Show 2014-2015 Pinocchio Seoul Broadcasting System
100%
Play 2017 Pinocchio Dennis Kelly
100%
Opera 2017 Pinocchio Phillippe Boesmans
100%
Film 2019 Pinocchio 01 Distribution
100%
Film 2021 Pinocchio Netflix
100%
Video Game 1996 Disney's Pinocchio Nintendo / Capcom / THQ / Disney Interactive / Black Pearl Software
89%
TV Show 1972 Pinocchio: The Series Fuji TV
89%
Children's Novel 1883 The Adventures of Pinocchio Carlo Collodi
44%
Film 1936 The Adventures of Pinocchio De Vecchi
44%
Film 1972 The Adventures of Pinocchio G.G. Communications
44%
TV Mini-Series 1972 The Adventures of Pinocchio Rai 1
44%
Film 1996 The Adventures of Pinocchio New Line Cinema
44%
Opera 2007 The Adventures of Pinocchio Jonathan Dove
44%
Film 2004 Pinocchio 3000 Christal Films
22%
TV Show 1976-1977 Adventures of Pinocchio TV Asahi
11%
TV Film 2000 Geppetto ABC
11%
Film 2002 A Tree of Palme Toho / ADV Films
0%
Musical 2006 Disney's My Son Pinocchio: Geppetto's Musical Tale Stephen Schwartz
0%
Film 1987 Pinocchio and the Emperor of the Night New World Pictures
0%
Film 1965 Pinocchio in Outer Space Universal
0%
TV Special 1980 Pinocchio's Christmas ABC
0%
Theme Park Attraction 1983-Present Pinocchio's Daring Journey Tokyo Disneyland / Disneyland / Disneyland Park
0%
Film 1996 Pinocchio's Revenge Trimark Pictures / Blue Rider Productions
0%
Film 1959 The Adventures of Buratino Artkino Pictures
0%
Film 1976 The Adventures of Buratino A.B. Vídeo
0%
Novel 1936 The Golden Key, or the Adventures of Buratino Aleksey Nikolayevich Tolstoy
0%
TV Show 1960-1961 The New Adventures of Pinocchio Syndication
0%
Film 1999 The New Adventures of Pinocchio New Line Cinema
0%
No matching quizzes found
Score Distribution
Percent of People with Each Score
Percentile by Number Answered
Your Score History
You have not taken this quiz